|
|
|
|
| LEADER |
00943cas a2200217 a 4500 |
| 001 |
AALejournalRSC000013 |
| 008 |
230102c9999 xx r poo 0 0eng d |
| 022 |
|
|
|a 1359-6640
|
| 022 |
|
|
|a 1364-5498
|
| 040 |
|
|
|a BD-DhAAL
|c BD-DhAAL
|
| 245 |
0 |
0 |
|h [electronic resource]
|a Faraday Discussions
|
| 260 |
|
|
|b Royal Society of Chemistry
|
| 300 |
|
|
|a 1 online resource
|
| 362 |
0 |
|
|a Vol. 137
|
| 500 |
|
|
|a <strong>Off-Campus Access:</strong> Athens ID and Password Required
|
| 500 |
|
|
|a <strong>On-Campus Access:</strong> No User ID or Password Required
|
| 506 |
|
|
|a Electronic access restricted to authorized BRAC University faculty, staff and students
|
| 538 |
|
|
|a Mode of access: Internet
|
| 650 |
|
4 |
|a Chemistry
|
| 856 |
4 |
0 |
|z Full text available on Royal Society of Chemistry
|u https://doi.org/10.1039/1364-5498/1991
|
| 856 |
4 |
0 |
|z Off-campus access
|u https://go.openathens.net/redirector/bracu.ac.bd?url=https%3A%2F%2Fdoi.org%2F10.1039%2F1364-5498%2F1991
|